Największe zamki w Polsce - Statystyki

Ogólne statystyki
  • Ten quiz został rozwiązany 47 razy
  • Średni wynik to 3 z 6
Statystyki odpowiedzi
Miejsce Odpowiedź % Poprawnych
2 Malbork
100%
3 Wawel
76%
6 Książ
57%
1 Krzyżtopór
26%
5 Kwidzyn
17%
4 Kliczków
0%
Nie znaleziono quizów pasujących do podanych kryteriów
Rozkład punktacji
Procent ludzi z każdym wynikiem
Percentyl według liczby udzielonych odpowiedzi
Twoja historia wyników
Nie rozwiązałeś tego quizu